000 00521cas a22001452a 4500
001 000608
003 AR-FADEU
008 311216n############xxu####################dd
092 _aPP(428)MET
245 _aMET modern english teacher : a magazine of pratical suggestions for the teaching of english as a foreian language
300 _b1975, 3 (1-3): 1976, 4 (1-3); 1977, 5 (2); 1978, 6 (1-4); 1979, 6 (5-6); 1979, 7 (1-2); 1981, 8 (3-4); 1981, 9 (1-2)
260 _bModern English
260 _aLondon
942 _cPPGR
999 _c2517
_d2517